Microsoft Excel 97 step by step : complete course

Αποθηκεύτηκε σε:
Λεπτομέρειες βιβλιογραφικής εγγραφής
Συγγραφή απο Οργανισμό/Αρχή: Catapult Inc
Άλλοι συγγραφείς: Jacobson, Reed (Επιμελητής έκδοσης)
Μορφή: Βιβλίο
Γλώσσα:English
Δημοσίευση: Redmond, Wash. : Microsoft Press, c1997
Σειρά:Step by step
Θέματα:
Ετικέτες: Προσθήκη ετικέτας
Δεν υπάρχουν, Καταχωρήστε ετικέτα πρώτοι!

MARC

LEADER 00000nam a2200000 i 4500
001 1/95981
008 000117s1997 eng d
020 |a 1572315806 
035 |l 10055547 
040 |a GR-MY-UA  |b gre  |e aacr 
041 0 |a eng 
082 0 |a 005.369 
245 1 0 |a Microsoft Excel 97 step by step :  |b complete course /  |c Catapult and Reed Jacobsen 
260 |a Redmond, Wash. :   |b Microsoft Press,   |c c1997 
300 |a 2 v.;  |b ill.;  |c 24 cm.+  |e 1 computer laser optical disc (4 3/4 in.) 
490 1 |a Step by step 
504 |a Includes index 
505 0 |a v.1: Without special title -- v.2: Advanced topics 
630 0 0 |a Microsoft Excel (Computer file) 
650 0 0 |a Business  |x Computer programs. 
650 0 0 |a Electronic spreadsheets. 
700 0 |a Jacobson, Reed.  |4 edt 
710 1 |a Catapult Inc. 
740 0 2 |a Advanced topics 
830 0 |a Step by step 
852 |a INST  |b SAMOS  |e 20000117  |h 005.369 MIC  |p 005300016410  |q 005300016410  |t BK  |y 0  |z v.2 
852 |a INST  |b SAMOS  |e 20000117  |h 005.369 MIC  |p 005300016411  |q 005300016411  |t BK  |y 0  |z v.1 
852 |a INST  |b SAMOS  |e 20000117  |h 005.369 MIC  |p 005300016410  |q 005300016410  |t BK  |v v.2:  |y 0  |z v.2 
852 |a INST  |b SAMOS  |e 20000117  |h 005.369 MIC  |p 005300016411  |q 005300016411  |t BK  |v v.1:  |y 0  |z v.1 
852 |a INST  |b SAMOS  |e 20000117  |h 005.369 MIC   |p 005300016155  |q 005300016155  |t BK  |v v.2:  |y 0  |z v.2 
853 |a INST  |b SAMOS  |h 005.369 MIC 
853 |a INST  |b SAMOS  |h 005.369 MIC cdrom 
901 |a BIBL3-2000-1 
909 |a Σ  |b 070569 
909 |a Σ  |b 070570 
909 |a Σ  |b 070571 
922 |a 3ΕΛΗ  |b 199911  |c ΤΠΕΣ  |d ΠΑΠΑΣΩΤΗΡΙΟΥ 
950 |a 133-1999-07-20 
970 |a ΠΟΥΡΝΑΡΑΣ  |b ΔΗΜΗΤΡΗΣ  |z 2000/01/17